| 000 | 00359pam a2200157a 44500 | ||
|---|---|---|---|
| 008 | 230515b2004 xxu||||| |||| 00| 0 eng d | ||
| 020 | _a0 | ||
| 041 | _aENGLISH | ||
| 082 | _a611 CHA | ||
| 100 | _aCHAURASIA B D | ||
| 245 | _aHUMAN ANATOMYY VOL 1 | ||
| 250 | _a4 TH | ||
| 260 |
_aNEW DELHI _bN.D. _c2004 |
||
| 300 | _a288 | ||
| 650 | _aHUMAN ANATOMYY VOL 1 | ||
| 999 |
_c481304 _d481304 |
||